Normal view
MARC view
- محمد ، ثائر عباس
Entry Personal Name
001 - CONTROL NUMBER
- control field: 10478
003 - CONTROL NUMBER IDENTIFIER
- control field: JO-AjAnu
005 - DATE AND TIME OF LATEST TRANSACTION
- control field: 20230606072001.0
008 - FIXED-LENGTH DATA ELEMENTS
- fixed length control field: 230606|| aca||aabn | a|a d
040 ## - CATALOGING SOURCE
- Original cataloging agency: JO-AjAnu
- Transcribing agency: JO-AjAnu
100 ## - HEADING--PERSONAL NAME
- Personal name: محمد ، ثائر عباس
670 ## - SOURCE DATA FOUND
- Source citation: Work cat.: (JO-AjAnu)5394: محمد ، ثائر عباس , author, عصافير الزرد : اصلها.. تربيتها اساليب تكاثرها امراض وطرق معالجتها